02559cam a2200445 i 450000100090000000300040000900500170001300800410003001000310007102000300010202000270013203500240015904000590018304200140024204300120025605000240026808200150029210000360030724500840034325000170042726400440044430000530048833600260054133700280056733800270059550400510062250502460067352006960091964800200161565000150163565000480165065000410169865100510173965100460179065100450183690600450188194200360192695201340196299900170209620437957OSt20230904111812.0180410s2017 maua b 001 0 eng d a 2015472447z 2015950809 a9781305507074q(hardback) a130550707Xq(hardback) a(OCoLC)ocn941009806 aOH6bengcOH6dOCLdNZAUCdOCLCQdDHAdOCLCQerdadDLC alccopycat an-us---00aHB171.5b.T748 201704a330bTUC/E1 aTucker, Irvin B.eauthor.9941010aEconomics for today /cIrvin B. Tucker, University of North Carolina Charlotte. a9th edition. 1aBoston, MA :bCengage Learning,c[2017] axxxii, 894 pages :bcolor illustrations ;c26 cm atextbtxt2rdacontent aunmediatedbn2rdamedia avolumebnc2rdacarrier aIncludes bibliographical references and index.2 aIntroduction to economics -- Microeconomics fundamentals -- Market structures -- Microeconomics policy issues -- Microeconomics fundamentals -- Microeconomics theory and policy -- Money, banking, and monetary policy -- International economy. a"Help students visualize economics in action with the most pedagogically rich, complete text on the market: Irvin Tucker's ECONOMICS FOR TODAY, 9E. This dynamic book offers a clear, engaging writing style ideal for students at all levels. Written by a national award-winning educator, ECONOMICS FOR TODAY provides a unique textual and visual learning system that presents and reinforces core concepts, then immediately assesses comprehension to ensure understanding. The author highlights the latest information on economic growth, income distribution, federal deficits, environmental issues, and other economic developments while applying concepts to everyday life."--Publisher description. 7a2001-20092fast 0aEconomics. 7aEconomic history.2fast0(OCoLC)fst00901974 7aEconomics.2fast0(OCoLC)fst00902116 0aUnited StatesxEconomic conditionsy2001-2009. 0aUnited StatesxEconomic conditionsy2009- 7aUnited States.2fast0(OCoLC)fst01204155 a7bcbcccopycatd3encipf20gy-gencatlg 2ddccBKh330iTUC/Ek330mTUC/E 00102ddc40708ECONOMICSaMESbMEScECO d2023-09-04l0o330 TUC/Ep42315r2023-09-04 11:25:34v32058.22w2023-09-04yBKzGL1R4 c42092d42092